|
|
|
|
| LEADER |
00000nab a2200000 a 4500 |
| 001 |
vtls009185946 |
| 003 |
SK-MaSNL |
| 005 |
20260305033612.0 |
| 008 |
160322 2008 xo w 000 0 slo |
| 038 |
|
|
|a LVTK
|
| 040 |
|
|
|a LVTK
|b slo
|e ACCR2
|c LVTK
|
| 041 |
|
|
|a slo
|
| 044 |
|
|
|a xo
|c SK
|
| 080 |
|
|
|a 929 Karvaš, Imrich
|2 2001
|
| 245 |
0 |
0 |
|a Kto bol Imrich Karvaš
|c [autor] -šr-
|
| 300 |
|
|
|b Fotogr.
|
| 600 |
1 |
7 |
|a Karvaš, Imrich,
|d 1903-1981
|2 lvtk
|9 107829
|
| 650 |
0 |
7 |
|a profily
|2 snkbucl
|9 28648
|
| 651 |
|
7 |
|a Kalinčiakovo (Levice, Slovensko)
|2 lvtk
|9 112603
|
| 651 |
|
7 |
|a Levice (Slovensko : okres)
|2 lvtk
|9 15245
|
| 773 |
0 |
|
|t Prima
|g Roč. 16, č. 8 (2008), s. 8
|x 1336-3697
|
| 852 |
|
|
|a LVTK
|b KIS3GCP
|
| 958 |
|
|
|a BX
|
| 999 |
|
|
|c 3324976
|d 3326906
|